| 000 | 00858cam a22002534a 4500 | ||
|---|---|---|---|
| 001 | 14164328 | ||
| 005 | 20260216170516.0 | ||
| 008 | 051103s2007 ohua b 001 0 eng | ||
| 020 |
_a0324313357 _qstudent ed. |
||
| 020 |
_a0324374666 _qinstructor's ed. |
||
| 020 |
_a9780324313352 _q(student ed.) |
||
| 020 |
_a9780324374667 _q(instructor's ed.) |
||
| 050 | 0 | 0 |
_aHF5636 _b.I54 2007 |
| 082 | 0 | 0 |
_a658.15/4 _222 |
| 100 | 1 | _aIngram, Robert W. | |
| 245 | 1 | 0 |
_aFinancial accounting : _ba bridge to decision making / _cRobert W. Ingram, Thomas L. Albright. |
| 250 | _a6e [ed.]. | ||
| 260 |
_aMason, OH : _bThomson/South-Western, _cc2007. |
||
| 300 |
_axxix, 603 p. : _bcol. ill. ; _c29 cm.+ _e1 CD-ROM (4 3/4 in.) |
||
| 650 | 0 |
_aAccounting _xDecision making. |
|
| 650 | 0 | _aManagerial accounting. | |
| 700 | 1 |
_aAlbright, Thomas L., _d1955- |
|
| 942 |
_2lcc _cBK _n0 |
||
| 999 |
_c8736 _d8736 |
||